Statistics for Things That are White #2

Click here to take the quiz!

General Stats

  • This quiz has been taken 19,228 times
    (14,339 since last reset)
  • The average score is 12 of 20

Answer Stats

ClueAnswer% Correct
Shark species featured in "Jaws"Great White
93%
Type of pimpleWhitehead
81%
What Dover is famous forWhite Cliffs
78%
Signals the election of a new popeWhite Smoke
77%
Rescues a damsel in distressWhite Knight
73%
Small starWhite Dwarf
69%
Cocktail with vodka and milkWhite Russian
68%
LeukocyteWhite Blood Cell
67%
Main character on "Breaking Bad"Walter White
65%
Formal evening wearWhite Tie
65%
Animal kept by Siegfried & RoyWhite Tiger
64%
Feature of rapidsWhite Water
64%
Billy Idol songWhite Wedding
56%
Beatles' double LPWhite Album
55%
Symbolized the House of YorkWhite Rose
55%
Supernatural creature that can raise
the dead in "Game of Thrones"
White Walker
49%
SWF, in personals ad lingoSingle White Female
48%
New Mexico dunes areaWhite Sands
42%
Capital of the Yukon TerritoryWhitehorse
35%
White emigration to the suburbsWhite Flight
31%

Score Distribution

Percentile by Number Answered

Percent of People with Each Score

Your Score History

You have not taken this quiz since the last reset